LEADER 01070cam0 22003011 450 001 SOBE00050264 005 20151127154624.0 100 $a20151127d1969 |||||ita|0103 ba 101 $aita 102 $aIT 200 1 $aEneide$fPublio Virgilio Marone$gintroduzione di Luigi dal Santo$gtraduzione di Annibal Caro$gnote e apparato critico di Antonio Manzo 210 $aMilano$cBietti$d1969 215 $a654 p.$d19 cm 225 2 $aclassici Bietti 410 1$1001SOBE00050265$12001 $aI *classici Bietti 700 1$aVergilius Maro$b, Publius$3AF00007040$4070$07260 702 1$aDal Santo, Luigi$3SOBA00012071$4070 702 1$aCaro, Annibal$3AF00014166$4070 702 1$aManzo, Antonio$3SOBA00002971$4070 801 0$aIT$bUNISOB$c20151127$gRICA 850 $aUNISOB 852 $aUNISOB$j870$m34406 912 $aSOBE00050264 940 $aM 102 Monografia moderna SBN 941 $aM 957 $a870$b000714$gSI$d34406$rAcquisto$tN$1petrellap$2UNISOB$3UNISOB$420151127154553.0$520151127154624.0$6petrellap 996 $aAeneis$912787 997 $aUNISOB LEADER 01179nam 2200337Ia 450 001 996397107003316 005 20221108080334.0 035 $a(CKB)4940000000062051 035 $a(EEBO)2248564569 035 $a(OCoLC)ocm45097517e 035 $a(OCoLC)45097517 035 $a(EXLCZ)994940000000062051 100 $a20000929d1642 uy 0 101 0 $aeng 135 $aurbn||||a|bb| 200 13$aAn essay of a king$b[electronic resource] $ewith an explanation what manner of persons those should be that are to execute the power or ordinance of the kings prerogative. /$fWritten by the Right Honorable Francis, Lord Verulam Viscount Saint Alban 210 $aLondon, $cPrinted for Richard Best$d1642 215 $a8 p 300 $aReproduction of original in the Bodleian Library. 330 $aeebo-0014 606 $aPolitical science$vEarly works to 1800 606 $aKings and rulers$xDuties 615 0$aPolitical science 615 0$aKings and rulers$xDuties. 700 $aBacon$b Francis$f1561-1626.$0159133 801 0$bEAE 801 1$bEAE 906 $aBOOK 912 $a996397107003316 996 $aAn essay of a king$92346559 997 $aUNISA